Introduction historique et critique aux libres de L'Ancien et du Nouveau Testament

Saved in:
Bibliografiske detaljer
Hovedforfatter: Glaire, J.-B (Author)
Format: Bog
Sprog:fransk
Udgivet: París A. Jouby et Roger 1868
Udgivelse:4a. ed
Fag:
Tags: Tilføj Tag
Ingen Tags, Vær først til at tagge denne postø!

MARC

LEADER 00000cam a2200000 a 4500
001 UCD2656
003 CL-VaPUC
008 160505e18680000fr |||||||||||||||||fre|d
082 0 4 |a 220  |b GLA  |2 21 
100 |a Glaire, J.-B  |e author  |9 586009 
245 1 0 |a Introduction historique et critique aux libres de L'Ancien et du Nouveau Testament 
250 |a 4a. ed 
300 |a t 
942 |c BK 
945 |d 20160505 16:04:00  |a dcastane 
260 |a París  |b A. Jouby et Roger  |c 1868 
650 0 |a Biblia  |9 257603 
650 0 |a Antiguo testamento   |9 313678 
650 0 |a Nuevo testamento  |9 257604 
583 |a last modification  |c 20160505 16:04:00  |k Rodrigo Vera 
999 |c 363778  |d 363776 
952 |0 0  |1 0  |3 erd  |4 0  |6 220_000000000000000_GLA_1868  |7 0  |8 X  |9 476491  |a BIBTEO  |b BIBTEO  |c TEO_FFR  |h t.1  |i 5229537  |o 220 GLA 1868  |p 5229537  |r 2024-01-18  |w 2019-11-24  |y BK_X  |z Catalogado en:20160505  |k OFM 
952 |0 0  |1 0  |3 erd  |4 0  |6 220_000000000000000_GLA_1868  |7 0  |8 X  |9 476492  |a BIBTEO  |b BIBTEO  |c TEO_FFR  |h t.2  |i 5229545  |o 220 GLA 1868  |p 5229545  |r 2024-01-18  |w 2019-11-24  |y BK_X  |z Catalogado en:20160505  |k OFM 
952 |0 0  |1 0  |3 erd  |4 0  |6 220_000000000000000_GLA_1868  |7 0  |8 X  |9 476493  |a BIBTEO  |b BIBTEO  |c TEO_FFR  |h t.3  |i 5229553  |o 220 GLA 1868  |p 5229553  |r 2024-01-18  |w 2019-11-24  |y BK_X  |z Catalogado en:20160505  |k OFM 
952 |0 0  |1 0  |3 erd  |4 0  |6 220_000000000000000_GLA_1868  |7 0  |8 X  |9 476494  |a BIBTEO  |b BIBTEO  |c TEO_FFR  |h t.4  |i 5229561  |o 220 GLA 1868  |p 5229561  |r 2024-01-18  |w 2019-11-24  |y BK_X  |z Catalogado en:20160505  |k OFM 
952 |0 0  |1 0  |3 erd  |4 0  |6 220_000000000000000_GLA_1868  |7 0  |8 X  |9 476495  |a BIBTEO  |b BIBTEO  |c TEO_FFR  |h t.5  |i 522957K  |o 220 GLA 1868  |p 522957K  |r 2024-01-18  |w 2019-11-24  |y BK_X  |z Catalogado en:20160505  |k OFM